[Event "Landesklasse Ost 2025/26"]
[Site "?"]
[Date "2026.03.29"]
[Round "8.4"]
[White "Häusler, Willi"]
[Black "Siegemund, Joachim"]
[Result "1/2-1/2"]
[WhiteElo "1725"]
[BlackElo "1908"]
[WhiteFideId "-1"]
[BlackFideId "-1"]
[PlyCount "26"]
[GameId "561670165319"]
[EventDate "2025.09.14"]
[EventType "team-tourn"]
[EventRounds "9"]
[SourceTitle "Thueringer Schachbund"]
[Source "ThSB"]
[SourceDate "2025.09.14"]
[SourceVersion "1"]
[SourceVersionDate "2025.09.14"]
[SourceQuality "1"]
[WhiteTeam "SV Thuringia Königsee"]
[BlackTeam "ESV Lok Sömmerda"]

{[%evp 0,26,56,26,25,34,34,46,22,22,49,52,50,15,24,24,44,34,61,40,103,91,91,86,98,77,121,98,97]} 1. e4 e6 2. d4 d5 3. Nc3 dxe4 4. Nxe4 Nf6 5. Bg5 Be7 6. Nxf6+ Bxf6 7. Bxf6 Qxf6 8. Nf3 O-O 9. Bd3 b6 10. Be4 c6 11. O-O Bb7 12. Ne5 h6 13. Qf3 Qxf3 1/2-1/2

[Event "Landesklasse Ost 2025/26"]
[Site "?"]
[Date "2026.03.29"]
[Round "8.1"]
[White "Tobal, Elias"]
[Black "Besancon, Pascal"]
[Result "1-0"]
[WhiteElo "1951"]
[BlackElo "1899"]
[WhiteFideId "-1"]
[BlackFideId "-1"]
[PlyCount "117"]
[GameId "559814755910"]
[EventDate "2025.09.14"]
[EventType "team-tourn"]
[EventRounds "9"]
[SourceTitle "Thueringer Schachbund"]
[Source "ThSB"]
[SourceDate "2025.09.14"]
[SourceVersion "1"]
[SourceVersionDate "2025.09.14"]
[SourceQuality "1"]
[WhiteTeam "SC Turm Erfurt"]
[BlackTeam "Schachklub Weida"]

{[%evp 0,117,25,21,69,53,55,121,121,77,76,70,79,10,17,-17,14,-13,-36,-38,-1,-32,-9,-70,-37,-55,18,9,9,-11,15,4,39,17,2,25,54,2,11,9,64,44,63,8,63,65,79,7,7,-2,8,13,39,19,53,54,58,38,38,-25,-22,-36,2,-19,42,-25,-29,-51,87,67,122,103,77,13,99,32,102,99,84,11,29,47,35,64,47,47,67,44,70,70,77,103,100,95,95,107,121,121,121,136,167,178,187,187,209,206,238,232,297,298,303,260,263,264,297,261,265,279,301,307]} 1. d4 d6 2. Nf3 Nd7 3. e4 e5 4. Bc4 Be7 5. O-O c6 6. Re1 Ngf6 7. Nbd2 O-O 8. dxe5 dxe5 9. Nf1 Qc7 10. Ng3 Nc5 11. a3 Be6 12. Qe2 b5 13. Bxe6 Nxe6 14. Nf5 Rfe8 15. b4 Bf8 16. Bb2 Nf4 17. Qf1 a5 18. g3 Ng6 19. c3 Nd7 20. Rad1 Nb6 21. h4 Na4 22. Ba1 Nb6 23. Bb2 Nc4 24. Bc1 Rad8 25. h5 Ne7 26. Ne3 Nxe3 27. Bxe3 Nc8 28. Qh3 Nd6 29. Bc1 Nc4 30. Qf5 Nd6 31. Qg4 Qc8 32. Qh4 Be7 33. Bg5 Qe6 34. Bxe7 Qxe7 35. Qxe7 Rxe7 36. Rd3 f6 37. Red1 Red7 38. bxa5 Kf7 39. a6 Ke6 40. Nh4 Nc8 41. Rxd7 Rxd7 42. Rxd7 Kxd7 43. Nf5 g6 44. hxg6 hxg6 45. Ne3 Kd6 46. Kf1 Kc5 47. Ke2 Kb6 48. Ng4 Nd6 49. Nxf6 Nc4 50. f4 Kxa6 51. f5 gxf5 52. exf5 Nd6 53. g4 Ka5 54. Nd7 Nf7 55. Nc5 Kb6 56. Ne4 Kc7 57. g5 Kd7 58. Kf3 Ke7 59. Kg4 1-0

[Event "Landesklasse Ost 2025/26"]
[Site "?"]
[Date "2026.03.29"]
[Round "8.2"]
[White "Schlierf, Andre"]
[Black "McLeod, Andrew"]
[Result "1/2-1/2"]
[WhiteElo "1809"]
[BlackElo "1919"]
[WhiteFideId "-1"]
[BlackFideId "-1"]
[PlyCount "61"]
[GameId "559815192223"]
[EventDate "2025.09.14"]
[EventType "team-tourn"]
[EventRounds "9"]
[SourceTitle "Thueringer Schachbund"]
[Source "ThSB"]
[SourceDate "2025.09.14"]
[SourceVersion "1"]
[SourceVersionDate "2025.09.14"]
[SourceQuality "1"]
[WhiteTeam "Schachklub Weida"]
[BlackTeam "SC Turm Erfurt"]

{[%evp 0,61,25,-26,3,-79,-53,-59,-15,-44,-83,-83,-23,-62,-58,-59,-58,-17,-57,-57,-49,-67,-59,-59,-2,-110,-86,-110,-107,-121,-75,-75,-66,-42,-26,-16,-12,-1,-21,-25,-18,-26,-26,-39,-39,-45,-19,-45,1,-12,1,2,2,-6,3,2,12,4,33,30,23,23,52,56]} 1. c4 e5 2. g3 Nf6 3. Bg2 c6 4. Nf3 e4 5. Nd4 Qb6 6. Nc2 d5 7. d3 exd3 8. Qxd3 dxc4 9. Qxc4 Be6 10. Qd3 Bc5 11. O-O O-O 12. Ne3 Rd8 13. Qc2 Na6 14. Nc3 Nb4 15. Qb1 Qc7 16. a3 Nbd5 17. Nexd5 Nxd5 18. Nxd5 Bxd5 19. Bf4 Qe7 20. Qc2 Bxg2 21. Kxg2 g5 22. Bc7 Rd7 23. Ba5 Bb6 24. Bc3 Bd4 25. Bxd4 Rxd4 26. Rad1 Rad8 27. Rxd4 Rxd4 28. Rd1 Qe5 29. Rxd4 Qxd4 30. Qf5 Qxb2 31. Qxg5+ 1/2-1/2

[Event "Landesklasse Ost 2025/26"]
[Site "?"]
[Date "2026.03.29"]
[Round "8.3"]
[White "Strohner, Maximilian"]
[Black "Künzel, Andre"]
[Result "1/2-1/2"]
[WhiteElo "1802"]
[BlackElo "1920"]
[WhiteFideId "-1"]
[BlackFideId "-1"]
[PlyCount "75"]
[GameId "559815522762"]
[EventDate "2025.09.14"]
[EventType "team-tourn"]
[EventRounds "9"]
[SourceTitle "Thueringer Schachbund"]
[Source "ThSB"]
[SourceDate "2025.09.14"]
[SourceVersion "1"]
[SourceVersionDate "2025.09.14"]
[SourceQuality "1"]
[WhiteTeam "SC Turm Erfurt"]
[BlackTeam "Schachklub Weida"]

{[%evp 0,75,25,18,70,46,29,-34,-25,-25,-15,-36,-41,-44,-43,-46,-13,-17,47,-24,11,22,50,40,69,24,95,38,80,88,62,62,44,27,101,82,82,71,85,61,64,-39,82,32,45,44,55,48,70,61,74,89,9,-5,34,24,18,12,21,10,8,4,0,-32,27,-59,-61,-96,-81,-96,-96,-114,-114,-130,-122,-159,-142,-142]} 1. e4 e5 2. Nc3 Nf6 3. f4 d5 4. fxe5 Nxe4 5. Qf3 Nxc3 6. bxc3 Be7 7. d4 c5 8. Bd3 Nc6 9. Ne2 Be6 10. Rb1 Qc8 11. O-O O-O 12. Be3 b6 13. Nf4 Bg5 14. Kh1 Bxf4 15. Qxf4 c4 16. Be2 Qd8 17. Qg3 Kh8 18. Bg5 Qd7 19. Rf6 Ne7 20. Rbf1 Ng8 21. R6f4 Ne7 22. Bh5 Kg8 23. Qf2 Nc6 24. Qg3 Ne7 25. Bf6 Ng6 26. Bxg6 fxg6 27. Bh4 Rf5 28. Rxf5 Bxf5 29. Qf2 Rf8 30. Kg1 Rf7 31. h3 Qa4 32. g4 Be6 33. Qg2 Rxf1+ 34. Qxf1 Qxc2 35. Be7 Kh8 36. Qf8+ Bg8 37. Bf6 Qc1+ 38. Kg2 1/2-1/2

[Event "Landesklasse Ost 2025/26"]
[Site "?"]
[Date "2026.03.29"]
[Round "8.4"]
[White "Schumann, Robert"]
[Black "Schade, Holger"]
[Result "1-0"]
[WhiteElo "1836"]
[BlackElo "1766"]
[WhiteFideId "-1"]
[BlackFideId "-1"]
[PlyCount "57"]
[GameId "559816561089"]
[EventDate "2025.09.14"]
[EventType "team-tourn"]
[EventRounds "9"]
[SourceTitle "Thueringer Schachbund"]
[Source "ThSB"]
[SourceDate "2025.09.14"]
[SourceVersion "1"]
[SourceVersionDate "2025.09.14"]
[SourceQuality "1"]
[WhiteTeam "Schachklub Weida"]
[BlackTeam "SC Turm Erfurt"]

{[%evp 0,57,25,21,21,21,21,21,16,5,32,-21,-3,-22,-2,-22,-15,-67,-46,-46,49,49,70,51,62,-168,140,99,138,141,173,414,557,488,488,464,319,318,318,455,656,542,531,531,470,454,510,478,422,460,547,293,511,495,517,583,547,430,430,446]} 1. d4 d5 2. Nf3 Nf6 3. e3 e6 4. Bd3 c5 5. c3 Nc6 6. Nbd2 Bd6 7. O-O O-O 8. Re1 b6 9. e4 dxe4 10. Nxe4 Nxe4 11. Bxe4 Bb7 12. Bxh7+ Kh8 13. Be4 Rc8 14. Ng5 g6 15. Qg4 Qe8 16. Qh4+ Kg7 17. Nh7 Be7 18. Qh6+ Kg8 19. Bg5 f5 20. Bxc6 Rxc6 21. Bxe7 Qxe7 22. Nxf8 Qxf8 23. Qxg6+ Qg7 24. Qe8+ Kh7 25. Re3 e5 26. Rg3 Rg6 27. Rxg6 Qxg6 28. Qxg6+ Kxg6 29. dxe5 1-0

[Event "Landesklasse Ost 2025/26"]
[Site "?"]
[Date "2026.03.29"]
[Round "8.5"]
[White "Stöcklein, Paul"]
[Black "Wagner, Uwe"]
[Result "1-0"]
[WhiteElo "1749"]
[BlackElo "1713"]
[WhiteFideId "-1"]
[BlackFideId "-1"]
[PlyCount "119"]
[GameId "559816901158"]
[EventDate "2025.09.14"]
[EventType "team-tourn"]
[EventRounds "9"]
[SourceTitle "Thueringer Schachbund"]
[Source "ThSB"]
[SourceDate "2025.09.14"]
[SourceVersion "1"]
[SourceVersionDate "2025.09.14"]
[SourceQuality "1"]
[WhiteTeam "SC Turm Erfurt"]
[BlackTeam "Schachklub Weida"]

{[%evp 0,119,21,21,21,-17,1,2,0,-36,8,5,21,13,41,-23,47,52,52,2,9,9,81,65,107,93,101,72,78,66,86,77,82,56,71,28,35,21,38,28,51,30,52,29,37,45,48,67,67,8,14,5,21,50,41,99,83,70,72,83,100,100,100,100,111,101,123,67,92,53,68,62,68,73,95,66,109,79,131,90,105,104,128,111,171,149,175,164,125,69,80,96,108,102,174,100,100,100,139,150,152,152,148,159,166,162,190,197,197,177,177,161,305,199,232,239,405,398,477,487,29993,29994]} 1. d4 d5 2. c4 e6 3. Nc3 Nf6 4. Bg5 Be7 5. e3 O-O 6. Nf3 h6 7. Bh4 Ne4 8. Bxe7 Qxe7 9. Rc1 Nxc3 10. Rxc3 dxc4 11. Bxc4 c6 12. O-O Nd7 13. Qc2 Nb6 14. e4 Nxc4 15. Rxc4 Bd7 16. Rc1 Rfd8 17. b4 Be8 18. Qc3 Qd6 19. a4 a6 20. a5 Qf4 21. Re1 Qd6 22. e5 Qe7 23. Nd2 f5 24. Rd1 Bh5 25. f3 Kh8 26. Rc5 Rg8 27. Nc4 g5 28. g3 Rg7 29. Nd6 Rag8 30. Rf1 Be8 31. Qd2 Rh7 32. Rc2 h5 33. Qc3 g4 34. f4 h4 35. Rff2 h3 36. Qc4 Rg6 37. Qc5 Bf7 38. Qb6 Bg8 39. Rc5 Rgg7 40. Rfc2 Qc7 41. Qa7 Qd7 42. Qa8 Re7 43. Rc1 Kg7 44. b5 axb5 45. a6 bxa6 46. Qxa6 Qa7 47. Qxa7 Rxa7 48. Rxc6 Kg6 49. Nxb5 Ra2 50. Nc7 Re7 51. d5 Rg2+ 52. Kh1 Rd2 53. d6 Rd7 54. R6c2 Rd3 55. Ne8 Kf7 56. Nf6 Rd8 57. Rc7+ Kf8 58. Nd7+ Ke8 59. Nc5 Rd2 60. Re7+ 1-0

[Event "Landesklasse Ost 2025/26"]
[Site "?"]
[Date "2026.03.29"]
[Round "8.6"]
[White "Heine, Mario"]
[Black "Pinkau, Eric"]
[Result "1/2-1/2"]
[WhiteElo "1716"]
[BlackElo "1622"]
[WhiteFideId "-1"]
[BlackFideId "-1"]
[PlyCount "95"]
[GameId "559817700912"]
[EventDate "2025.09.14"]
[EventType "team-tourn"]
[EventRounds "9"]
[SourceTitle "Thueringer Schachbund"]
[Source "ThSB"]
[SourceDate "2025.09.14"]
[SourceVersion "1"]
[SourceVersionDate "2025.09.14"]
[SourceQuality "1"]
[WhiteTeam "Schachklub Weida"]
[BlackTeam "SC Turm Erfurt"]

{[%evp 0,95,22,18,83,68,52,63,87,36,29,-28,-30,-19,-23,-80,-10,-34,-13,-41,1,-64,-9,-14,-16,-15,-18,-41,-19,-52,-25,-94,-13,-65,-63,-83,-83,-87,-84,-121,-118,-130,-112,-112,-112,-112,-68,-169,-178,-180,-151,-200,-195,-211,-119,-119,-149,-156,-100,-107,-70,-183,-190,-203,-203,-203,-187,-302,-207,-210,36,36,57,51,105,30,36,56,80,80,186,136,3,-18,-35,-53,-53,-98,-65,-63,-5,-73,-77,-3,-3,-54,-54,-54]} 1. e4 c6 2. Nf3 d5 3. exd5 cxd5 4. d3 Nc6 5. Be2 e5 6. O-O Nf6 7. Bg5 Be7 8. Nbd2 O-O 9. c3 d4 10. c4 Nd7 11. Bxe7 Qxe7 12. a3 f5 13. Qc2 a5 14. Rfe1 Nc5 15. Bf1 Qf6 16. Rab1 a4 17. b4 axb3 18. Nxb3 Na4 19. Nfd2 Nc3 20. Ra1 b6 21. Nb1 Na4 22. N1d2 Bb7 23. Qd1 Nc3 24. Qh5 Rae8 25. Nc1 e4 26. Na2 Nxa2 27. Rxa2 g6 28. Qd1 e3 29. Nf3 g5 30. Ree2 g4 31. Ne1 f4 32. Reb2 Ne5 33. f3 gxf3 34. gxf3 Nxf3+ 35. Nxf3 Kh8 36. Rg2 Rg8 37. Rxg8+ Rxg8+ 38. Rg2 Rxg2+ 39. Bxg2 Qd6 40. Qa1 Bxf3 41. Bxf3 Qg6+ 42. Kf1 Qxd3+ 43. Be2 Qe4 44. Kg1 f3 45. Bxf3 Qxf3 46. Qxd4+ Kg8 47. Qd8+ Kg7 48. Qc7+ 1/2-1/2

[Event "Landesklasse Ost 2025/26"]
[Site "?"]
[Date "2026.03.29"]
[Round "8.8"]
[White "Lehmann, Volkhard"]
[Black "Grüner, Nico"]
[Result "1-0"]
[WhiteElo "1546"]
[BlackElo "1627"]
[WhiteFideId "-1"]
[BlackFideId "-1"]
[PlyCount "67"]
[GameId "559847496094"]
[EventDate "2025.09.14"]
[EventType "team-tourn"]
[EventRounds "9"]
[SourceTitle "Thueringer Schachbund"]
[Source "ThSB"]
[SourceDate "2025.09.14"]
[SourceVersion "1"]
[SourceVersionDate "2025.09.14"]
[SourceQuality "1"]
[WhiteTeam "Schachklub Weida"]
[BlackTeam "SC Turm Erfurt"]

{[%evp 0,67,21,20,20,-7,72,36,62,6,6,11,12,12,56,7,24,4,59,2,24,-20,-16,-70,-70,-70,-70,-70,-9,-61,-56,-61,-58,-83,-49,-78,-54,-72,-72,-137,-147,-157,-155,-165,-70,-151,-121,-165,-58,-117,-81,-121,-104,-153,-184,-184,-110,-144,-152,-145,-115,-115,-115,-152,-123,-151,-101,-155,393,373]} 1. d4 Nf6 2. Bf4 g6 3. e3 Bg7 4. c3 O-O 5. Nf3 d6 6. Nbd2 Nbd7 7. Bc4 c6 8. a4 Qc7 9. Ng5 e5 10. Bg3 h6 11. Bxf7+ Rxf7 12. Nxf7 Kxf7 13. O-O Nh5 14. Qb3+ d5 15. Qc2 Qd6 16. e4 Nxg3 17. fxg3+ Kg8 18. exd5 cxd5 19. dxe5 Nxe5 20. Nf3 Bf5 21. Qb3 Nc4 22. Rfd1 Ne3 23. Rd2 Be4 24. Re1 Qc5 25. Nd4 Nc4 26. Rdd1 b6 27. Kh1 Kh7 28. Re2 Rc8 29. Ne6 Qc6 30. Nxg7 Kxg7 31. Rf1 Qc5 32. Qb5 Qd6 33. Rd1 Qf6 34. Qd7+ 1-0

[Event "Landesklasse Ost 2025/26"]
[Site "?"]
[Date "2026.03.29"]
[Round "8.1"]
[White "Buring, Matthias"]
[Black "Skarus, Steffen"]
[Result "1-0"]
[WhiteElo "2007"]
[BlackElo "1747"]
[WhiteFideId "-1"]
[BlackFideId "-1"]
[PlyCount "69"]
[GameId "561670205654"]
[EventDate "2025.09.14"]
[EventType "team-tourn"]
[EventRounds "9"]
[SourceTitle "Thueringer Schachbund"]
[Source "ThSB"]
[SourceDate "2025.09.14"]
[SourceVersion "1"]
[SourceVersionDate "2025.09.14"]
[SourceQuality "1"]
[WhiteTeam "SG Arnstadt-Stadtilm"]
[BlackTeam "SV Schott Jena 2"]

{[%evp 0,69,41,21,66,72,110,1,47,34,79,58,77,79,79,65,62,36,34,22,45,37,76,46,134,109,136,115,157,159,123,114,100,146,146,117,106,107,117,73,72,41,75,57,54,53,59,35,51,92,122,139,303,278,401,401,411,44,44,38,150,95,66,84,93,88,160,156,545,517,517,529]} 1. d4 d6 2. e4 c6 3. f4 d5 4. e5 h5 5. Nf3 Bg4 6. Be2 e6 7. O-O Nh6 8. c3 Nf5 9. Na3 g6 10. Nc2 c5 11. Ne3 Nxe3 12. Bxe3 Bxf3 13. Rxf3 c4 14. b3 cxb3 15. axb3 Be7 16. c4 Nc6 17. Rh3 f5 18. exf6 Bxf6 19. c5 Qe7 20. Qd3 Qg7 21. Rd1 a6 22. Bf2 Ke7 23. Bf3 Raf8 24. Rg3 Rfg8 25. f5 g5 26. Qe3 Nxd4 27. Rxd4 Bxd4 28. Qxd4 Qxd4 29. Bxd4 Rh6 30. f6+ Kf7 31. Be2 h4 32. Re3 Re8 33. Bg4 Rxf6 34. Bh5+ Rg6 35. Rf3+ 1-0

[Event "Landesklasse Ost 2025/26"]
[Site "?"]
[Date "2026.03.29"]
[Round "8.2"]
[White "Bunke, Wilfried"]
[Black "Kaiser, Markus"]
[Result "0-1"]
[WhiteElo "1868"]
[BlackElo "1951"]
[WhiteFideId "-1"]
[BlackFideId "-1"]
[PlyCount "68"]
[GameId "561670205635"]
[EventDate "2025.09.14"]
[EventType "team-tourn"]
[EventRounds "9"]
[SourceTitle "Thueringer Schachbund"]
[Source "ThSB"]
[SourceDate "2025.09.14"]
[SourceVersion "1"]
[SourceVersionDate "2025.09.14"]
[SourceQuality "1"]
[WhiteTeam "SV Schott Jena 2"]
[BlackTeam "SG Arnstadt-Stadtilm"]

{[%evp 0,68,41,21,21,-17,22,20,9,9,9,32,6,27,62,63,53,24,41,31,31,-28,-19,6,9,28,91,91,97,49,54,42,40,19,36,18,67,28,58,20,13,0,7,8,45,35,35,35,29,8,54,15,86,-13,52,1,54,-9,10,-131,-156,-367,-499,-499,-451,-717,-318,-407,-322,-29995,-29996]} 1. d4 d5 2. c4 c6 3. cxd5 cxd5 4. Nc3 Nf6 5. Bf4 Nc6 6. e3 a6 7. Bd3 e6 8. Rc1 Bd6 9. Bxd6 Qxd6 10. f4 Bd7 11. Nf3 Ng4 12. Qe2 f5 13. O-O O-O 14. Ne5 Ngxe5 15. fxe5 Qe7 16. Qh5 Be8 17. Qh3 h5 18. g3 g5 19. Rf2 g4 20. Qg2 Qg5 21. Rf4 Ne7 22. h4 gxh3 23. Qxh3 Ng6 24. Rf3 Rf7 25. Kf2 Rh7 26. Rg1 Qe7 27. a3 b5 28. b4 a5 29. Nxb5 axb4 30. axb4 Ra2+ 31. Kf1 Bxb5 32. Bxb5 Qxb4 33. Be2 Rc7 34. Kf2 Rxe2+ 0-1

[Event "Landesklasse Ost 2025/26"]
[Site "?"]
[Date "2026.03.29"]
[Round "8.3"]
[White "Sauer, Marko"]
[Black "Jordan, Gunter"]
[Result "1-0"]
[WhiteElo "2009"]
[BlackElo "1800"]
[WhiteFideId "-1"]
[BlackFideId "-1"]
[PlyCount "83"]
[GameId "561670205609"]
[EventDate "2025.09.14"]
[EventType "team-tourn"]
[EventRounds "9"]
[SourceTitle "Thueringer Schachbund"]
[Source "ThSB"]
[SourceDate "2025.09.14"]
[SourceVersion "1"]
[SourceVersionDate "2025.09.14"]
[SourceQuality "1"]
[WhiteTeam "SG Arnstadt-Stadtilm"]
[BlackTeam "SV Schott Jena 2"]

{[%evp 0,83,41,25,56,56,61,18,43,47,99,54,128,128,80,86,70,70,63,47,39,69,46,43,36,44,46,46,65,-94,-19,-40,8,-20,-20,-20,-20,-24,-46,-73,23,11,63,41,90,5,62,76,104,75,121,72,98,98,133,112,118,86,92,30,31,28,26,39,41,39,120,87,97,51,56,53,42,73,80,74,80,80,61,42,66,67,101,54,159,159]} 1. e4 e5 2. Nf3 Nc6 3. Bc4 Bc5 4. c3 Qe7 5. O-O d6 6. d4 Bb6 7. dxe5 dxe5 8. Ng5 Nh6 9. h3 f6 10. Qh5+ Kf8 11. Nf3 Nf7 12. b3 Be6 13. Ba3 Nd6 14. Nh4 Bf7 15. Bxf7 Qxf7 16. Qxf7+ Kxf7 17. Bxd6 cxd6 18. Nf5 Rhd8 19. Rd1 Bc7 20. Na3 g6 21. Ne3 Rac8 22. Rd3 Rd7 23. Rad1 Rcd8 24. Nac2 Ke6 25. g4 Ne7 26. Nb4 Bb8 27. Nbd5 Nxd5 28. Rxd5 a6 29. Kg2 Ba7 30. Nc2 Rc8 31. R5d3 Rh8 32. Nb4 Bc5 33. Nd5 h5 34. f3 f5 35. b4 Ba7 36. g5 fxe4 37. fxe4 Rf8 38. Nf6 Rdd8 39. Rf1 Rf7 40. a4 Bb6 41. Rdf3 Rdf8 42. Nd7 1-0

[Event "Landesklasse Ost 2025/26"]
[Site "?"]
[Date "2026.03.29"]
[Round "8.4"]
[White "Seifert, Michael"]
[Black "Heß, Jürgen"]
[Result "1/2-1/2"]
[WhiteElo "1809"]
[BlackElo "1847"]
[WhiteFideId "-1"]
[BlackFideId "-1"]
[PlyCount "45"]
[GameId "561670205586"]
[EventDate "2025.09.14"]
[EventType "team-tourn"]
[EventRounds "9"]
[SourceTitle "Thueringer Schachbund"]
[Source "ThSB"]
[SourceDate "2025.09.14"]
[SourceVersion "1"]
[SourceVersionDate "2025.09.14"]
[SourceQuality "1"]
[WhiteTeam "SV Schott Jena 2"]
[BlackTeam "SG Arnstadt-Stadtilm"]

{[%evp 0,45,41,16,51,-5,10,-23,11,-24,-5,-19,-8,-39,-6,-26,6,6,-18,-15,15,48,70,46,40,60,60,56,79,71,71,71,81,65,99,86,87,56,87,76,86,75,76,37,37,24,24,24]} 1. Nf3 d5 2. g3 Nf6 3. Bg2 c5 4. O-O Nc6 5. d3 e5 6. Nbd2 Be6 7. e4 dxe4 8. Nxe4 Nxe4 9. dxe4 Bc4 10. Re1 Qxd1 11. Rxd1 Be2 12. Rd2 Bxf3 13. Bxf3 Rd8 14. c3 Rxd2 15. Bxd2 Bd6 16. Be3 Kd7 17. Rd1 Kc7 18. Rd5 Ne7 19. Rd2 h6 20. Bh5 f5 21. exf5 Nxf5 22. Re2 Nxe3 23. Rxe3 1/2-1/2

[Event "Landesklasse Ost 2025/26"]
[Site "?"]
[Date "2026.03.29"]
[Round "8.5"]
[White "Grkinic, Goran"]
[Black "Eichhorn, Mathilda"]
[Result "1-0"]
[WhiteElo "1855"]
[BlackElo "1629"]
[WhiteFideId "-1"]
[BlackFideId "-1"]
[PlyCount "91"]
[GameId "561670205549"]
[EventDate "2025.09.14"]
[EventType "team-tourn"]
[EventRounds "9"]
[SourceTitle "Thueringer Schachbund"]
[Source "ThSB"]
[SourceDate "2025.09.14"]
[SourceVersion "1"]
[SourceVersionDate "2025.09.14"]
[SourceQuality "1"]
[WhiteTeam "SG Arnstadt-Stadtilm"]
[BlackTeam "SV Schott Jena 2"]

{[%evp 0,91,41,12,50,-23,-15,-14,0,0,16,0,50,76,49,50,63,59,104,63,110,103,127,79,157,84,173,251,305,308,308,230,470,441,495,455,456,447,447,444,444,365,358,341,360,259,354,309,303,303,303,325,325,273,290,281,260,296,312,166,188,196,286,220,220,211,266,276,315,378,378,200,290,355,530,535,535,251,361,361,975,1199,29991,29992,29993,29992,29993,29994,29995,29996,29997,29998,29999,-30000]} 1. d4 e6 2. c4 Nf6 3. Nf3 d5 4. Nc3 Be7 5. Bf4 c6 6. e3 Nbd7 7. Bd3 O-O 8. Rc1 Re8 9. c5 Nf8 10. O-O Bd7 11. Ne5 Rc8 12. g4 g6 13. Bh6 b6 14. Qf3 g5 15. h4 Ng6 16. Bxg6 fxg6 17. hxg5 Rc7 18. cxb6 axb6 19. gxf6 Bxf6 20. Nxd7 Rxd7 21. Bf4 Rf7 22. Qg2 Qd7 23. Ne2 e5 24. dxe5 Bxe5 25. Bxe5 Rxe5 26. Ng3 c5 27. Rcd1 d4 28. exd4 cxd4 29. Rd3 Qxg4 30. Rfd1 Rd7 31. Qa8+ Kg7 32. Rf3 Rf5 33. Rdd3 h5 34. Rxf5 gxf5 35. Qg2 Kh8 36. Nxh5 Qe2 37. Qa8+ Kh7 38. Qf3 Qe1+ 39. Kg2 Kg6 40. Qc6+ Kxh5 41. Rh3+ Kg4 42. Qg6+ Kf4 43. Rf3+ Ke5 44. Rxf5+ Ke4 45. Rg5+ Kf4 46. Qf5# 1-0

[Event "Landesklasse Ost 2025/26"]
[Site "?"]
[Date "2026.03.29"]
[Round "8.6"]
[White "Nageler, Laurenz"]
[Black "Marufke, Kai"]
[Result "1/2-1/2"]
[WhiteElo "1600"]
[BlackElo "1654"]
[WhiteFideId "-1"]
[BlackFideId "-1"]
[PlyCount "125"]
[GameId "561670205499"]
[EventDate "2025.09.14"]
[EventType "team-tourn"]
[EventRounds "9"]
[SourceTitle "Thueringer Schachbund"]
[Source "ThSB"]
[SourceDate "2025.09.14"]
[SourceVersion "1"]
[SourceVersionDate "2025.09.14"]
[SourceQuality "1"]
[WhiteTeam "SV Schott Jena 2"]
[BlackTeam "SG Arnstadt-Stadtilm"]

{[%evp 0,125,41,25,56,53,50,31,15,-6,36,-15,23,22,83,83,112,100,115,115,121,114,115,106,127,111,124,113,433,422,422,409,408,408,411,417,417,419,425,415,411,406,445,393,394,392,497,380,462,462,409,237,268,297,289,287,452,466,466,64,119,41,41,112,117,95,128,104,213,210,210,274,274,423,495,218,218,187,187,187,187,128,127,92,111,68,72,76,87,78,129,114,48,48,64,49,49,54,68,91,91,50,68,92,110,75,75,123,142,73,66,22,22,22,23,8,31,4,4,-34,4,-5,0,-5,-2,-2,-1,0]} 1. e4 e5 2. Nc3 Nc6 3. Bc4 Nf6 4. d3 d6 5. f4 Bg4 6. Nf3 exf4 7. Bxf4 Nd4 8. Be3 Nxf3+ 9. gxf3 Bh5 10. Qe2 Nd7 11. d4 Nb6 12. Bb3 Qh4+ 13. Bf2 Qe7 14. Qb5+ c6 15. Qxh5 g6 16. Qh3 Bg7 17. O-O-O O-O 18. Rhg1 a5 19. a3 a4 20. Ba2 Nd7 21. Rg4 b5 22. Rdg1 b4 23. Bh4 Nf6 24. axb4 a3 25. f4 Qb7 26. Bxf6 axb2+ 27. Kb1 Rxa2 28. Nxa2 Bxf6 29. Rxg6+ fxg6 30. Qe6+ Kg7 31. e5 dxe5 32. dxe5 Bd8 33. f5 Qf7 34. f6+ Kg8 35. Qxc6 Re8 36. Rd1 Qf8 37. Rd7 Rxe5 38. f7+ Kg7 39. Kxb2 Bf6 40. c3 Re7 41. Rxe7 Qxe7 42. Qe8 Qxf7 43. Qxf7+ Kxf7 44. Kb3 g5 45. Kc4 Ke6 46. h3 h5 47. Nc1 g4 48. Ne2 Be5 49. hxg4 hxg4 50. Nd4+ Kd7 51. Kd5 Bd6 52. Nf5 g3 53. Ne3 Bf4 54. Ng2 Bd2 55. Kd4 Kc6 56. Kd3 Bg5 57. c4 Be7 58. b5+ Kc5 59. Nf4 Bd6 60. Ne6+ Kb4 61. Ke3 Kxc4 62. b6 Kb5 63. Nd4+ 1/2-1/2

[Event "Landesklasse Ost 2025/26"]
[Site "?"]
[Date "2026.03.29"]
[Round "8.8"]
[White "Hirsch, Tilo"]
[Black "Habl, Klaus"]
[Result "1/2-1/2"]
[WhiteElo "1682"]
[BlackElo "1609"]
[WhiteFideId "-1"]
[BlackFideId "-1"]
[PlyCount "53"]
[GameId "561670204742"]
[EventDate "2025.09.14"]
[EventType "team-tourn"]
[EventRounds "9"]
[SourceTitle "Thueringer Schachbund"]
[Source "ThSB"]
[SourceDate "2025.09.14"]
[SourceVersion "1"]
[SourceVersionDate "2025.09.14"]
[SourceQuality "1"]
[WhiteTeam "SV Schott Jena 2"]
[BlackTeam "SG Arnstadt-Stadtilm"]

1. e4 c5 2. Nf3 d6 3. d4 cxd4 4. Nxd4 Nf6 5. Nc3 a6 6. Be2 e6 7. Be3 Be7 8. Qd2 b5 9. f3 Bb7 10. O-O Nbd7 11. Nd1 d5 12. exd5 Nxd5 13. Bf2 Rc8 14. c3 O-O 15. Bg3 N7b6 16. Bd3 Nc4 17. Qe2 Bf6 18. a4 Bxd4+ 19. cxd4 Ndb6 20. axb5 axb5 21. Ra7 Bc6 22. b3 Nd6 23. Qe5 Nf5 24. Bxf5 exf5 25. Qxf5 Qxd4+ 26. Bf2 Qd5 27. Ne3 1/2-1/2